[Event "28th WSCC2018 - Open 65+"]
[Site "Bled"]
[Date "2018.11.20"]
[Round "3.1"]
[White "Lederman, Leon"]
[Black "Vaisser, Anatoli"]
[Result "1/2-1/2"]
[WhiteElo "2255"]
[BlackElo "2504"]
[PlyCount "51"]
[EventDate "2018.11.18"]

1. e4 c5 2. Nf3 Nc6 3. d4 cxd4 4. Nxd4 Nf6 5. Nc3 e5 6. Ndb5 d6 7. a4 a6 8. Na3
Bg4 9. f3 Be6 10. Bc4 Rc8 11. Be3 Nb4 12. Bxe6 fxe6 13. f4 exf4 14. Bxf4 Be7
15. Qe2 O-O 16. O-O Qb6+ 17. Kh1 Qc6 18. Rad1 d5 19. exd5 Nbxd5 20. Nab1 Nxf4
21. Rxf4 Rfe8 22. Nd2 b5 23. axb5 axb5 24. Nxb5 Qxc2 25. Qxe6+ Kh8 26. Qb3
1/2-1/2

[Event "28th WSCC2018 - Open 65+"]
[Site "Bled"]
[Date "2018.11.20"]
[Round "3.2"]
[White "Sveshnikov, Evgeny"]
[Black "Singer, Hans"]
[Result "1-0"]
[WhiteElo "2496"]
[BlackElo "2186"]
[PlyCount "109"]
[EventDate "2018.11.18"]

1. e4 c6 2. d4 d5 3. Nc3 dxe4 4. Nxe4 Nf6 5. Nxf6+ exf6 6. c3 Bd6 7. Bd3 O-O 8.
Qc2 h6 9. Ne2 Qc7 10. h3 Re8 11. O-O Nd7 12. Be3 b6 13. c4 Bb7 14. Nc3 Rad8 15.
Rfe1 Bh2+ 16. Kh1 Bf4 17. Qd2 Bxe3 18. Rxe3 Nf8 19. Rxe8 Rxe8 20. Bc2 Rd8 21.
Rd1 Ne6 22. Ne2 Qd6 23. Qc3 Nf4 24. Nxf4 Qxf4 25. Kg1 g6 26. Qe3 Qxe3 27. fxe3
f5 28. b4 Kf8 29. Rd3 c5 30. dxc5 Rxd3 31. Bxd3 bxc5 32. b5 Ke7 33. a4 a5 34.
Kf2 Kd6 35. g4 fxg4 36. hxg4 Bc8 37. Kg3 Ke5 38. Be2 Ke4 39. Kf2 f6 40. b6 Ba6
41. Bf1 Ke5 42. Bg2 Kd6 43. Bd5 Kd7 44. Kf3 Kc8 45. e4 Kb8 46. e5 fxe5 47. Ke4
Bc8 48. Kxe5 Bd7 49. Kd6 Bxa4 50. Kxc5 Be8 51. Kd4 h5 52. gxh5 gxh5 53. c5 h4
54. c6 h3 55. Ke4 1-0

[Event "28th WSCC2018 - Open 65+"]
[Site "Bled"]
[Date "2018.11.20"]
[Round "3.3"]
[White "Franzen, Jozef"]
[Black "Rashkovsky, Nukhim N"]
[Result "0-1"]
[WhiteElo "2239"]
[BlackElo "2482"]
[PlyCount "110"]
[EventDate "2018.11.18"]

1. Nf3 c5 2. e4 d6 3. g3 Nf6 4. d3 g6 5. Bg2 Bg7 6. O-O O-O 7. c3 Nc6 8. Re1
Bg4 9. h3 Bxf3 10. Qxf3 Rb8 11. Be3 Nd7 12. a4 a6 13. Nd2 b5 14. axb5 axb5 15.
Rec1 b4 16. Nc4 bxc3 17. bxc3 Rb3 18. Bd2 Nde5 19. Nxe5 Nxe5 20. Qd1 Qb6 21.
Rcb1 Rxb1 22. Rxb1 Qa6 23. d4 Nc4 24. Bg5 h6 25. Bf4 g5 26. Be3 Nxe3 27. fxe3
Qc4 28. Qd2 Ra8 29. Rb2 Ra3 30. Rc2 Ra1+ 31. Kf2 Bf6 32. Qe2 Qb3 33. Bf1 Kg7
34. Kg2 e6 35. Kf2 Bd8 36. Kg2 Ba5 37. Qd3 c4 38. Qd2 Ra3 39. Qc1 d5 40. exd5
exd5 41. Rb2 Qa4 42. Rf2 Rxc3 43. Qb1 Qd7 44. Be2 Rb3 45. Qa2 Bd8 46. e4 f6 47.
Qc2 Bc7 48. e5 fxe5 49. Bg4 Qe7 50. Bh5 e4 51. Rf7+ Qxf7 52. Bxf7 Rxg3+ 53. Kf2
e3+ 54. Kf1 Rf3+ 55. Kg1 Rxf7 0-1

[Event "28th WSCC2018 - Open 65+"]
[Site "Bled"]
[Date "2018.11.20"]
[Round "3.4"]
[White "Balashov, Yuri S"]
[Black "Kierzek, Matthias"]
[Result "1-0"]
[WhiteElo "2445"]
[BlackElo "2182"]
[PlyCount "73"]
[EventDate "2018.11.18"]

1. c4 c6 2. d4 d5 3. Nc3 dxc4 4. e3 b5 5. a4 b4 6. Ne4 Qd5 7. Nd2 c3 8. bxc3
bxc3 9. Nb1 Qa5 10. Qb3 Na6 11. Bc4 e6 12. Nxc3 Rb8 13. Qc2 Nb4 14. Qd2 Nf6 15.
Nf3 Ba6 16. Ne5 Bd6 17. Bxa6 Qxa6 18. Qe2 Qa5 19. Nc4 Qc7 20. e4 e5 21. Be3 O-O
22. Rd1 Rfe8 23. Nxd6 Qxd6 24. O-O a5 25. f4 exd4 26. Bxd4 Qe7 27. e5 Nbd5 28.
Qf3 Nxc3 29. Qxc3 Nd5 30. Qxc6 Nb4 31. Qe4 Qd7 32. f5 Qxa4 33. e6 fxe6 34. Bxg7
exf5 35. Qxf5 Rb7 36. Bh6 Qc6 37. Qf8+ 1-0

[Event "28th WSCC2018 - Open 65+"]
[Site "Bled"]
[Date "2018.11.20"]
[Round "3.5"]
[White "Gruzmann, Boris"]
[Black "Jansa, Vlastimil"]
[Result "0-1"]
[WhiteElo "2215"]
[BlackElo "2437"]
[PlyCount "95"]
[EventDate "2018.11.18"]

1. e4 c5 2. Nf3 e6 3. d4 cxd4 4. Nxd4 Nf6 5. Bd3 Nc6 6. Nxc6 bxc6 7. c4 e5 8.
Nc3 Bc5 9. O-O O-O 10. Kh1 d6 11. Bg5 h6 12. Bh4 Be6 13. Bg3 Rb8 14. Rb1 Bd4
15. h3 Nd7 16. f4 exf4 17. Bxf4 Ne5 18. Qe2 Bxc3 19. bxc3 Qa5 20. Bxe5 dxe5 21.
Rbc1 Rb7 22. Rc2 Rd8 23. Qe3 Qa4 24. Rfc1 Bxc4 25. Bxc4 Qxc4 26. Kh2 Qd3 27.
Qe1 Rd6 28. Qh4 Rf6 29. Qg4 Rd7 30. Qe2 Rfd6 31. Qg4 g6 32. Qh4 Kg7 33. Rf2 Qe3
34. Rcc2 c5 35. Rf3 Qg5 36. Qf2 c4 37. Rb2 Rf6 38. Rxf6 Qxf6 39. Qxf6+ Kxf6 40.
Rb4 Kg5 41. Rxc4 Kf4 42. a4 Ke3 43. a5 Kd3 44. Rb4 Kxc3 45. Rb1 f5 46. a6 Rd6
47. Rc1+ Kd2 48. exf5 0-1

[Event "28th WSCC2018 - Open 65+"]
[Site "Bled"]
[Date "2018.11.20"]
[Round "3.6"]
[White "Privara, Igor"]
[Black "Renman, Nils-Gustaf"]
[Result "0-1"]
[WhiteElo "2207"]
[BlackElo "2351"]
[PlyCount "58"]
[EventDate "2018.11.18"]

1. e4 e6 2. d4 d5 3. e5 c5 4. c3 Nc6 5. Nf3 Qb6 6. a3 Nh6 7. b4 cxd4 8. cxd4
Nf5 9. Bb2 Bd7 10. g4 Nfe7 11. Bd3 Ng6 12. Qd2 a6 13. h4 h5 14. g5 Rc8 15. Kf1
Nce7 16. Nc3 Nf5 17. Bxf5 exf5 18. Rc1 Be7 19. Kg2 Qe6 20. Ne1 f4 21. f3 f6 22.
exf6 gxf6 23. Nd3 fxg5 24. hxg5 Qf5 25. Ne5 Qxg5+ 26. Kf2 Qg3+ 27. Ke2 Nxe5 28.
dxe5 Qg2+ 29. Kd3 Bf5+ 0-1

[Event "28th WSCC2018 - Open 65+"]
[Site "Bled"]
[Date "2018.11.20"]
[Round "3.7"]
[White "Frick, Christoph"]
[Black "Lisenko, Alexander V"]
[Result "0-1"]
[WhiteElo "2186"]
[BlackElo "2334"]
[PlyCount "64"]
[EventDate "2018.11.18"]

1. d4 Nf6 2. Bf4 e6 3. e3 c5 4. c3 b6 5. Nd2 Be7 6. h3 Bb7 7. Ngf3 O-O 8. Bd3
cxd4 9. cxd4 Nc6 10. a3 d6 11. O-O e5 12. Bh2 Nxd4 13. Nxd4 exd4 14. exd4 Qd7
15. Rc1 Rac8 16. Qe2 Nd5 17. Rfe1 g6 18. Bc4 Bg5 19. Ne4 Rce8 20. Qd1 Ne3 21.
fxe3 Rxe4 22. Qb3 Qe7 23. Rc3 Rxd4 24. Bg3 Rd2 25. Re2 Rxe2 26. Bxe2 Qe4 27.
Bf1 Bd5 28. Qd1 Bxe3+ 29. Kh1 Re8 30. Bxd6 Qf5 31. Bh2 Bf2 32. Qd2 Be1 0-1

[Event "28th WSCC2018 - Open 65+"]
[Site "Bled"]
[Date "2018.11.20"]
[Round "3.8"]
[White "Shirazi, Kamran"]
[Black "Wahlbom, Magnus"]
[Result "0-1"]
[WhiteElo "2333"]
[BlackElo "2173"]
[PlyCount "104"]
[EventDate "2018.11.18"]

1. d4 Nf6 2. Bg5 g6 3. Nc3 d5 4. f3 Bg7 5. e4 dxe4 6. fxe4 c6 7. Nf3 Qa5 8. Qd2
Nbd7 9. a3 e5 10. dxe5 Nxe5 11. Bh6 Nxf3+ 12. gxf3 O-O 13. Bc4 Rd8 14. Qg5 Qb6
15. Bxg7 Kxg7 16. Bb3 h6 17. Qg1 Bh3 18. Qxb6 axb6 19. Ke2 Kf8 20. Ke3 Nd7 21.
Ne2 Nc5 22. Nf4 Bd7 23. Ba2 Ke7 24. Rhd1 g5 25. Nh5 f5 26. exf5 Bxf5 27. Bb3
Nxb3 28. cxb3 Bc2 29. Re1 Bxb3 30. Kf2+ Kf7 31. Re3 Rd2+ 32. Re2 Rad8 33. Rc1
b5 34. Ke1 Rxe2+ 35. Kxe2 Bc4+ 36. Ke1 Re8+ 37. Kd1 Re3 38. Rc3 Be2+ 39. Kd2
Rxc3 40. bxc3 Bxf3 41. Ng3 Kf6 42. Ke3 Bd5 43. Ne2 h5 44. Ng1 Kf5 45. Nh3 h4
46. Ng1 g4 47. Kf2 Bc4 48. h3 gxh3 49. Nxh3 Kg4 50. Kg2 Bf1+ 51. Kxf1 Kxh3 52.
Kf2 Kg4 0-1

[Event "28th WSCC2018 - Open 65+"]
[Site "Bled"]
[Date "2018.11.20"]
[Round "3.9"]
[White "Buchal, Stephan"]
[Black "Gundersen, Helge"]
[Result "0-1"]
[WhiteElo "2288"]
[BlackElo "2109"]
[PlyCount "62"]
[EventDate "2018.11.18"]

1. Nf3 Nc6 2. e4 d6 3. d4 Bg4 4. Be2 e5 5. d5 Bxf3 6. Bxf3 Nd4 7. Be3 Nxf3+ 8.
Qxf3 g6 9. c4 Bh6 10. Nc3 a6 11. Bxh6 Nxh6 12. h4 f5 13. exf5 O-O 14. g4 gxf5
15. gxf5 Rxf5 16. Qe2 Rf4 17. O-O-O Qf6 18. Ne4 Qf5 19. Rde1 Kh8 20. Rhg1 Rxh4
21. Rh1 Qf4+ 22. Kb1 Rf8 23. b3 Nf5 24. Kb2 Nd4 25. Qd3 Nf3 26. Rxh4 Qxh4 27.
Re3 Qf4 28. Ka3 Nd4 29. Rh3 Qc1+ 30. Kb4 Nc2+ 31. Kc3 Ne1+ 0-1

[Event "28th WSCC2018 - Open 65+"]
[Site "Bled"]
[Date "2018.11.20"]
[Round "3.10"]
[White "Maryasin, Boris"]
[Black "Vepkhvishvili, Varlam"]
[Result "1-0"]
[WhiteElo "2284"]
[BlackElo "2073"]
[PlyCount "95"]
[EventDate "2018.11.18"]

1. e4 e5 2. Nf3 Nc6 3. Bb5 a6 4. Ba4 Nf6 5. O-O Be7 6. Re1 b5 7. Bb3 d6 8. c3
O-O 9. d4 Bg4 10. d5 Na5 11. Bc2 c6 12. h3 Bh5 13. dxc6 Qc7 14. Nbd2 Qxc6 15.
Nf1 Rfc8 16. Ng3 Bg6 17. Nh4 Rab8 18. Nhf5 Bf8 19. Bg5 Ne8 20. h4 f6 21. Bc1 b4
22. Ba4 Qc7 23. cxb4 Rxb4 24. Bd2 Rbb8 25. Rc1 Qb6 26. Rxc8 Rxc8 27. h5 Bf7 28.
Nh6+ gxh6 29. Qg4+ Ng7 30. Qxc8 Nc4 31. Bc3 d5 32. exd5 Nd6 33. Qc6 Qa7 34. Ne4
Nge8 35. Bb4 Nxe4 36. Rxe4 f5 37. Rxe5 Bxb4 38. Rxe8+ Kg7 39. Re3 f4 40. Re4
Qb8 41. Qc4 Bd6 42. Qd4+ Kg8 43. Bd7 Qc7 44. Be6 Qc2 45. Bxf7+ Kxf7 46. Re6 Be7
47. Qxf4+ Ke8 48. Qe5 1-0

[Event "28th WSCC2018 - Open 65+"]
[Site "Bled"]
[Date "2018.11.20"]
[Round "3.12"]
[White "Hartung-Nielsen, Jens"]
[Black "Van Riemsdijk, Herman C"]
[Result "1/2-1/2"]
[WhiteElo "2186"]
[BlackElo "2270"]
[PlyCount "35"]
[EventDate "2018.11.18"]

1. e4 e5 2. Nf3 Nc6 3. Nc3 Nf6 4. Bb5 Nd4 5. Ba4 Nxf3+ 6. Qxf3 Be7 7. Qg3 O-O
8. Qxe5 c6 9. O-O d5 10. d3 Bd6 11. Qg5 b5 12. e5 Be7 13. exf6 Bxf6 14. Qf4
Bxc3 15. bxc3 bxa4 16. Qxa4 Qf6 17. Be3 Bd7 18. Qa5 1/2-1/2

[Event "28th WSCC2018 - Open 65+"]
[Site "Bled"]
[Date "2018.11.20"]
[Round "3.13"]
[White "Hohler, Peter"]
[Black "Boehnisch, Manfred"]
[Result "0-1"]
[WhiteElo "2048"]
[BlackElo "2261"]
[PlyCount "78"]
[EventDate "2018.11.18"]

1. d4 Nf6 2. c4 e6 3. Nf3 Bb4+ 4. Nbd2 b6 5. e3 Bb7 6. Bd3 c5 7. O-O cxd4 8.
Nxd4 Nc6 9. Nxc6 Bxc6 10. a3 Be7 11. b3 d5 12. Bb2 Rc8 13. Qe2 O-O 14. Rac1 Bb7
15. Rfd1 Qd6 16. Nf3 Rfd8 17. Bc2 Qb8 18. cxd5 Rxd5 19. Rxd5 Bxd5 20. Bd1 Rxc1
21. Bxc1 Qb7 22. Bb2 h6 23. Qc2 Ne4 24. Be2 b5 25. b4 Nd6 26. Ne1 a6 27. Qc3 f6
28. Bf3 Nc4 29. Bc1 e5 30. Bxd5+ Qxd5 31. Qd3 Qc6 32. Qc2 e4 33. Qe2 Qd5 34.
Nc2 Qd3 35. Kf1 f5 36. Nd4 Qb1 37. Qc2 Nxa3 38. Qc8+ Bf8 39. Ne6 Qd3+ 0-1

[Event "28th WSCC2018 - Open 65+"]
[Site "Bled"]
[Date "2018.11.20"]
[Round "3.14"]
[White "Birnboim, Nathan"]
[Black "Kolbak, Jens"]
[Result "1-0"]
[WhiteElo "2376"]
[BlackElo "2173"]
[PlyCount "125"]
[EventDate "2018.11.18"]

1. d4 Nf6 2. c4 g6 3. Nc3 Bg7 4. g3 O-O 5. Bg2 d6 6. Nf3 Nbd7 7. O-O e5 8. Qc2
exd4 9. Nxd4 Nb6 10. Rd1 Nxc4 11. Ncb5 a6 12. Qxc4 axb5 13. Nxb5 Ne8 14. Qb4
Bd7 15. Nc3 Bc6 16. Bxc6 bxc6 17. Qb7 c5 18. Qc6 Qc8 19. Bg5 f6 20. Bd2 Qa6 21.
Qf3 Rb8 22. Rab1 f5 23. h4 Nf6 24. Bg5 Qb7 25. Qd3 Ne4 26. Nxe4 Qxe4 27. b3
Qxd3 28. exd3 Rfe8 29. Kf1 Kf7 30. Be3 Rb4 31. Rbc1 Ra8 32. Rc2 Ke6 33. Re1 Kf7
34. Bg5 h6 35. Bf4 Rd4 36. Re3 Re8 37. Ke2 Rb4 38. Rxe8 Kxe8 39. Rc4 Rb7 40.
Ra4 Kf7 41. Ra8 Bf8 42. Bd2 Bg7 43. Bf4 Ke6 44. Kd1 Kd5 45. Kc2 h5 46. a4 c6
47. Re8 Rd7 48. Rg8 Re7 49. Bg5 Ra7 50. Bd8 Bd4 51. Rxg6 Rd7 52. Bg5 Bxf2 53.
Bf4 Bd4 54. Rg5 Rf7 55. Rxh5 Be5 56. Rg5 Bxf4 57. gxf4 c4 58. bxc4+ Kd4 59. h5
Ke3 60. h6 Kxf4 61. Rg7 Rf8 62. h7 Rh8 63. Kd2 1-0

[Event "28th WSCC2018 - Open 65+"]
[Site "Bled"]
[Date "2018.11.20"]
[Round "3.15"]
[White "Vogt, Lothar"]
[Black "Srebrnic, Vojko"]
[Result "1/2-1/2"]
[WhiteElo "2359"]
[BlackElo "2140"]
[PlyCount "35"]
[EventDate "2018.11.18"]

1. e4 e5 2. Nf3 Nc6 3. Bb5 f5 4. Nc3 fxe4 5. Nxe4 Nf6 6. Qe2 d5 7. Nxf6+ gxf6
8. d4 Bg7 9. dxe5 O-O 10. e6 Ne5 11. O-O c6 12. Bd3 Bxe6 13. Nd4 Bg4 14. f3
Nxd3 15. fxg4 Nxc1 16. Raxc1 Qb6 17. c3 f5 18. gxf5 1/2-1/2

[Event "28th WSCC2018 - Open 65+"]
[Site "Bled"]
[Date "2018.11.20"]
[Round "3.16"]
[White "Berkovich, Mark A"]
[Black "Van Oosten, Arend"]
[Result "1-0"]
[WhiteElo "2339"]
[BlackElo "2137"]
[PlyCount "41"]
[EventDate "2018.11.18"]

1. Nf3 e6 2. g3 f5 3. Bg2 Nf6 4. O-O d5 5. c4 Bd6 6. Nc3 O-O 7. d3 c6 8. e4
dxe4 9. dxe4 e5 10. exf5 Bxf5 11. Qb3 Qb6 12. Be3 Qxb3 13. axb3 Bc2 14. Rfc1
Bg6 15. Nh4 Bb4 16. h3 Nbd7 17. g4 Bf7 18. Rd1 Bc5 19. g5 Bxe3 20. fxe3 Bh5 21.
Rd6 1-0

[Event "28th WSCC2018 - Open 65+"]
[Site "Bled"]
[Date "2018.11.20"]
[Round "3.17"]
[White "Pushkov, Nikolai"]
[Black "Malmdin, Nils-Ake"]
[Result "1-0"]
[WhiteElo "2324"]
[BlackElo "2126"]
[PlyCount "83"]
[EventDate "2018.11.18"]

1. Nf3 g6 2. d4 Bg7 3. c4 Nf6 4. Nc3 d5 5. e3 O-O 6. cxd5 Nxd5 7. Bc4 Nb6 8.
Bb3 a5 9. O-O Bg4 10. a3 a4 11. Ba2 Nc6 12. h3 Bxf3 13. Qxf3 e6 14. Rd1 Na5 15.
Qe2 c6 16. Ne4 Nd7 17. Bd2 Nf6 18. Nc5 b5 19. Rac1 Qb6 20. Rc2 Rfe8 21. f4 Nb7
22. Rdc1 Rac8 23. Nd3 Nd7 24. Bb4 Bf8 25. Bxf8 Kxf8 26. Qf2 Kg7 27. d5 c5 28.
dxe6 fxe6 29. Rd1 Rf8 30. Rcd2 c4 31. Nb4 Nf6 32. Bb1 Rcd8 33. e4 Qxf2+ 34.
Kxf2 Rxd2+ 35. Rxd2 Rd8 36. Rxd8 Nxd8 37. Ke3 Nd7 38. Na6 e5 39. Nc7 exf4+ 40.
Kxf4 b4 41. axb4 Nc6 42. Nd5 1-0

[Event "28th WSCC2018 - Open 65+"]
[Site "Bled"]
[Date "2018.11.20"]
[Round "3.18"]
[White "Pastor Alonso De Prado, Alberto"]
[Black "Kiefer, Gerhard"]
[Result "1/2-1/2"]
[WhiteElo "2102"]
[BlackElo "2306"]
[PlyCount "89"]
[EventDate "2018.11.18"]

1. e4 c5 2. c3 Nf6 3. e5 Nd5 4. d4 cxd4 5. Nf3 e6 6. cxd4 d6 7. Nc3 Nxc3 8.
bxc3 Qc7 9. Bd2 Nd7 10. Bd3 dxe5 11. O-O Be7 12. Qe2 exd4 13. cxd4 O-O 14. Rac1
Qd8 15. Bf4 Nf6 16. Rfe1 Nd5 17. Bg3 Bd7 18. Ne5 Rc8 19. Bc4 Bg5 20. Rc2 Nb6
21. Bd3 Rxc2 22. Qxc2 g6 23. Be4 Bc8 24. Nf3 Bf6 25. h4 Nd5 26. h5 Bg7 27. hxg6
hxg6 28. Be5 Bxe5 29. dxe5 Ne7 30. Rd1 Qa5 31. Qc1 Kg7 32. Qg5 Nd5 33. Nh4 Qd8
34. Qg4 Qe8 35. Rd3 Rh8 36. Rg3 Rh6 37. f4 Qh8 38. Rh3 Qd8 39. Bxd5 Qxd5 40.
Qg5 Qd1+ 41. Kh2 Rh5 42. Qf6+ Kg8 43. Rc3 Bd7 44. Qd8+ Kg7 45. Qf6+ 1/2-1/2

[Event "28th WSCC2018 - Open 65+"]
[Site "Bled"]
[Date "2018.11.20"]
[Round "3.19"]
[White "Praznik, Anton"]
[Black "Rooze, Jan"]
[Result "0-1"]
[WhiteElo "2104"]
[BlackElo "2288"]
[PlyCount "84"]
[EventDate "2018.11.18"]

1. e4 c5 2. Nf3 d6 3. Bb5+ Nc6 4. Bxc6+ bxc6 5. O-O Bg4 6. h3 Bh5 7. d3 e6 8.
Nbd2 Nf6 9. Re1 Nd7 10. b3 Be7 11. Bb2 O-O 12. Qe2 Rb8 13. Nf1 d5 14. Ng3 Bg6
15. Ne5 Nxe5 16. Bxe5 Rb7 17. Rad1 Rd7 18. Bc3 Bd6 19. e5 Be7 20. Qg4 Kh8 21.
Re2 Bh4 22. Rf1 Bxg3 23. fxg3 Rg8 24. Ref2 Qc7 25. Qe2 h6 26. Rf4 Rgd8 27. Rh4
Kg8 28. Qe1 Re8 29. Ba5 Qb8 30. Bd2 c4 31. bxc4 Qb2 32. d4 Rb7 33. cxd5 cxd5
34. Kh2 Qxc2 35. Bxh6 Rb2 36. Rg1 gxh6 37. Qe3 Qd2 38. Qf3 Rc8 39. Rg4 Qc2 40.
Qf6 Qf5 41. Qe7 Rcc2 42. Qd7 Qf3 0-1

[Event "28th WSCC2018 - Open 65+"]
[Site "Bled"]
[Date "2018.11.20"]
[Round "3.20"]
[White "Ofstad, Per"]
[Black "Pritchett, Craig W"]
[Result "1/2-1/2"]
[WhiteElo "2064"]
[BlackElo "2286"]
[PlyCount "49"]
[EventDate "2018.11.18"]

1. e4 c5 2. Nc3 a6 3. a4 Nc6 4. Bc4 e6 5. Nf3 Nf6 6. O-O d5 7. exd5 exd5 8.
Re1+ Be7 9. Bf1 Bg4 10. h3 Bh5 11. g4 Bg6 12. d3 d4 13. Ne2 Nd5 14. Nf4 Nxf4
15. Bxf4 O-O 16. Bg2 h5 17. Ne5 Nxe5 18. Bxe5 hxg4 19. Qxg4 Bd6 20. b3 Rb8 21.
Qg3 Bxe5 22. Rxe5 b6 23. Rae1 Qf6 24. f4 Bf5 25. Be4 1/2-1/2

[Event "28th WSCC2018 - Open 65+"]
[Site "Bled"]
[Date "2018.11.20"]
[Round "3.21"]
[White "Archangelsky, Mikhail"]
[Black "Shevelev, Arkady"]
[Result "1/2-1/2"]
[WhiteElo "2043"]
[BlackElo "2278"]
[PlyCount "38"]
[EventDate "2018.11.18"]

1. d4 Nf6 2. Nf3 d5 3. e3 c5 4. c3 cxd4 5. exd4 Nc6 6. Bf4 Bf5 7. Nbd2 e6 8.
Be2 Bd6 9. Bxd6 Qxd6 10. O-O O-O 11. Nh4 Be4 12. f3 Bg6 13. Nxg6 hxg6 14. Re1
g5 15. Nf1 g6 16. Qd2 Nh7 17. Bd3 Kg7 18. Re2 a6 19. a4 Qf4 1/2-1/2

[Event "28th WSCC2018 - Open 65+"]
[Site "Bled"]
[Date "2018.11.20"]
[Round "3.22"]
[White "Werner, Clemens"]
[Black "Siegmund, Rainer"]
[Result "1-0"]
[WhiteElo "2266"]
[BlackElo "2102"]
[PlyCount "71"]
[EventDate "2018.11.18"]

1. e4 c5 2. Nf3 Nc6 3. c3 Nf6 4. e5 Nd5 5. Bc4 e6 6. O-O d6 7. d4 cxd4 8. cxd4
Be7 9. Qe2 O-O 10. Rd1 Nb6 11. Bb3 Na5 12. Bc2 Nd5 13. Nc3 Nxc3 14. bxc3 d5 15.
Qd3 g6 16. Bh6 Re8 17. h4 Bd7 18. Ng5 Bf8 19. Bxf8 Rxf8 20. Qg3 Qe7 21. h5 Be8
22. f4 f6 23. exf6 Qxf6 24. Rf1 Nc4 25. Rae1 Bd7 26. hxg6 hxg6 27. Qh2 Qg7 28.
Nxe6 Bxe6 29. Rxe6 Rf6 30. Rxf6 Qxf6 31. Qg3 Nd2 32. Re1 Kg7 33. Re5 Rd8 34.
Bxg6 Rd6 35. Bh5+ Kh6 36. Be2 1-0

[Event "28th WSCC2018 - Open 65+"]
[Site "Bled"]
[Date "2018.11.20"]
[Round "3.23"]
[White "Hjertenes, Oystein"]
[Black "Cebalo, Miso"]
[Result "0-1"]
[WhiteElo "2037"]
[BlackElo "2262"]
[Annotator "uporabnik"]
[PlyCount "93"]
[EventDate "2018.11.18"]

1. Nf3 c5 2. g3 g6 3. Bg2 Bg7 4. c4 Nc6 5. O-O d6 6. Nc3 Bd7 7. d3 a6 8. Bd2
Rb8 9. a4 Nf6 10. h3 O-O 11. Kh2 h6 12. e4 e6 13. Ra3 Qc7 14. Re1 Rfd8 15. Bf1
Be8 16. Be3 Nd7 17. Bf4 Nde5 18. Nxe5 Nxe5 19. Be3 Nc6 20. Bg2 Nd4 21. Ra1 b5
22. axb5 axb5 23. cxb5 Bxb5 24. Bxd4 Bxd4 25. Qd2 Kg7 26. Rec1 Bc6 27. Ra2 Rb4
28. Rc2 Rdb8 29. Bh1 Qd7 30. Bg2 Ba4 31. Nxa4 Rxa4 32. Rxa4 Qxa4 33. Bf3 Qa1
34. Kg2 Bxb2 35. Bd1 Qb1 36. Bf3 Bd4 37. Qd1 Qb5 38. Ra2 Qc6 39. Qc2 Rb4 40.
Qd2 Qb5 41. Be2 Qb7 42. Bf3 Rb1 43. Rc2 Qb3 44. Bd1 Qb4 45. Be2 Qb3 46. Ra2 Qb7
47. Rc2 {¸...92} 0-1

[Event "28th WSCC2018 - Open 65+"]
[Site "Bled"]
[Date "2018.11.20"]
[Round "3.24"]
[White "Stepovoj, Vladimir"]
[Black "Norman, Kenneth I"]
[Result "1/2-1/2"]
[WhiteElo "2261"]
[BlackElo "2099"]
[PlyCount "84"]
[EventDate "2018.11.18"]

1. e4 e5 2. Nf3 Nc6 3. Nc3 g6 4. d4 exd4 5. Nxd4 Bg7 6. Be3 d6 7. Qd2 Nf6 8. f3
O-O 9. O-O-O Nxd4 10. Bxd4 Be6 11. h4 c5 12. Be3 Qa5 13. Bh6 Bxa2 14. Bxg7 Kxg7
15. Nb5 Qxd2+ 16. Rxd2 Be6 17. Nxd6 b6 18. Bc4 Bxc4 19. Nxc4 Rfc8 20. g4 Kf8
21. e5 Ne8 22. Rd7 Rc7 23. Rhd1 Rac8 24. Rxc7 Rxc7 25. Ne3 Re7 26. f4 Nc7 27.
Rd6 Re6 28. Rd7 Re7 29. Rxe7 Kxe7 30. f5 gxf5 31. gxf5 b5 32. Kd2 a5 33. Kd3 a4
34. c3 Kd7 35. Ke4 Kc6 36. h5 b4 37. cxb4 cxb4 38. Kd4 Nb5+ 39. Kc4 a3 40. bxa3
bxa3 41. Kb3 Nd4+ 42. Kxa3 Nxf5 1/2-1/2

[Event "28th WSCC2018 - Open 65+"]
[Site "Bled"]
[Date "2018.11.20"]
[Round "3.26"]
[White "Baum, Bernd"]
[Black "Taksrud, Vidar"]
[Result "1-0"]
[WhiteElo "2252"]
[BlackElo "2038"]
[PlyCount "57"]
[EventDate "2018.11.18"]

1. c4 e5 2. g3 Nf6 3. Bg2 c6 4. Nf3 e4 5. Nd4 d5 6. cxd5 Qb6 7. Nc2 cxd5 8. Nc3
Bd6 9. d3 Nc6 10. dxe4 d4 11. Nd5 Nxd5 12. exd5 Nb4 13. Nxb4 Bxb4+ 14. Bd2 O-O
15. Bxb4 Qxb4+ 16. Qd2 Qb6 17. O-O Re8 18. Bf3 Bf5 19. Rad1 d3 20. exd3 Rac8
21. Rfe1 Red8 22. Rc1 Qa6 23. Be4 Rxc1 24. Rxc1 Bxe4 25. dxe4 Qxa2 26. Qb4 b6
27. Qe7 Rf8 28. d6 Qe6 29. Qxe6 1-0

[Event "28th WSCC2018 - Open 65+"]
[Site "Bled"]
[Date "2018.11.20"]
[Round "3.27"]
[White "Kratschmer, Heinz"]
[Black "Leskovar, Mario"]
[Result "0-1"]
[WhiteElo "2035"]
[BlackElo "2242"]
[PlyCount "118"]
[EventDate "2018.11.18"]

1. d4 d6 2. e4 Nf6 3. Nc3 e5 4. dxe5 dxe5 5. Qxd8+ Kxd8 6. Bc4 Ke8 7. f3 Bd6 8.
Be3 a6 9. Nge2 Nbd7 10. a3 b5 11. Ba2 Bb7 12. O-O-O h6 13. h4 g6 14. g4 Bc5 15.
Bxc5 Nxc5 16. Nd5 Nxd5 17. Bxd5 Rd8 18. Nc3 c6 19. Ba2 Ke7 20. Rh2 Rxd1+ 21.
Nxd1 h5 22. g5 Bc8 23. Ne3 Be6 24. Bxe6 Nxe6 25. c3 Rf8 26. Kd2 f6 27. gxf6+
Rxf6 28. Ke2 Nf4+ 29. Kf2 Rd6 30. Kg3 Rd3 31. Nc2 a5 32. Ne1 Rd1 33. Nc2 Rg1+
34. Kf2 Rb1 35. b4 axb4 36. cxb4 Rb3 37. Kg3 Rc3 38. Rd2 Ne6 39. Rf2 Kf6 40.
Kg2 g5 41. Kg3 Rd3 42. hxg5+ Kxg5 43. Rh2 Nf4 44. Rf2 h4+ 45. Kh2 Kh5 46. Kh1
h3 47. Kh2 Kh4 48. Ne1 Rxa3 49. Rd2 Ra1 50. Nd3 Nxd3 51. Rxd3 Ra2+ 52. Kh1 Kg3
53. f4+ Kxf4 54. Rxh3 Kxe4 55. Rc3 Kd5 56. Rd3+ Kc4 57. Rd6 Ra6 58. Re6 Kxb4
59. Rxe5 c5 0-1

[Event "28th WSCC2018 - Open 65+"]
[Site "Bled"]
[Date "2018.11.20"]
[Round "3.28"]
[White "Harding, Tim D"]
[Black "Hardicsay, Peter"]
[Result "1/2-1/2"]
[WhiteElo "2027"]
[BlackElo "2223"]
[PlyCount "23"]
[EventDate "2018.11.18"]

1. Nf3 d5 2. c4 e6 3. g3 Nf6 4. Bg2 Be7 5. O-O O-O 6. b3 b6 7. Bb2 Bb7 8. e3 c5
9. Nc3 Nbd7 10. Qe2 Rc8 11. d3 a6 12. Rad1 1/2-1/2

[Event "28th WSCC2018 - Open 65+"]
[Site "Bled"]
[Date "2018.11.20"]
[Round "3.30"]
[White "Karasev, Vladimir I"]
[Black "Muratoglu, Salih"]
[Result "1-0"]
[WhiteElo "2314"]
[BlackElo "1942"]
[Annotator "uporabnik"]
[PlyCount "63"]
[EventDate "2018.11.18"]

1. e4 d6 2. d4 g6 3. Nc3 Bg7 4. Nf3 Nf6 5. Bc4 Bg4 6. e5 dxe5 7. Bxf7+ Kf8 8.
Bb3 Nc6 9. dxe5 Qxd1+ 10. Nxd1 Nd7 11. Ng5 Ncxe5 12. Ne3 Nc5 13. f4 Ned3+ 14.
cxd3 Nxd3+ 15. Kf1 Bd7 16. Ne6+ Bxe6 17. Bxe6 Nxf4 18. Bc4 Rd8 19. g3 Nd3 20.
Bxd3 Rxd3 21. Ke2 Rd6 22. Rf1+ Ke8 23. Bd2 Rb6 24. Rac1 Kd7 25. b3 Bd4 26. Rf4
c5 27. b4 e5 28. Rf7+ Ke6 29. Rcf1 Bxe3 30. Kxe3 Rd8 31. bxc5 Rb2 32. R7f6+ {
...57} 1-0

[Event "28th WSCC2018 - Open 65+"]
[Site "Bled"]
[Date "2018.11.20"]
[Round "3.31"]
[White "Skok, Joze"]
[Black "Tunik, Gennady"]
[Result "0-1"]
[WhiteElo "2004"]
[BlackElo "2365"]
[PlyCount "136"]
[EventDate "2018.11.18"]

1. e4 c5 2. c3 Nf6 3. e5 Nd5 4. Bc4 Nb6 5. Bb3 c4 6. Bc2 Nc6 7. Nf3 d6 8. exd6
Qxd6 9. h3 Qe6+ 10. Qe2 Qxe2+ 11. Kxe2 Be6 12. d4 cxd3+ 13. Bxd3 g6 14. Be3 Bg7
15. Nbd2 O-O 16. Rhe1 Rfd8 17. Nb3 Na4 18. Nbd4 Nxd4+ 19. Nxd4 Bd5 20. f3 Nxb2
21. Bb5 e5 22. Nb3 e4 23. Bd4 exf3+ 24. gxf3 a6 25. Reb1 axb5 26. Rxb2 Bc4+ 27.
Kf2 Bxb3 28. Bxg7 Kxg7 29. Rxb3 Rd5 30. a3 Re8 31. Ra2 Rh5 32. Kg3 Re3 33. Rf2
Rd3 34. Rfb2 Rf5 35. Rf2 Rg5+ 36. Kh2 Rc5 37. Kg3 Rdxc3 38. Rfb2 Rxb3 39. Rxb3
Kf6 40. h4 h5 41. Re3 Rc4 42. Rb3 b4 43. axb4 b5 44. Rb1 Kf5 45. Rb3 f6 46. Rb2
g5 47. hxg5 Kxg5 48. Rb1 f5 49. Rb2 Rc3 50. Rd2 h4+ 51. Kf2 Rc4 52. Rb2 Kf4 53.
Kg2 h3+ 54. Kxh3 Kxf3 55. Rb1 Ke2 56. Rb3 Kd2 57. Rb1 Kc2 58. Rf1 f4 59. Rf2+
Kb3 60. Kg4 Kxb4 61. Rb2+ Ka4 62. Kf3 b4 63. Rb1 b3 64. Ke2 Ka3 65. Kd3 Rc8 66.
Ra1+ Kb2 67. Rf1 Ka2 68. Rxf4 b2 0-1